Alle Länder Amerikas in 6 Minuten - Statistiken

Allgemein
  • Dieses Quiz wurde 232 mal gespielt
  • Das Durchschnittsergebnis liegt bei 27 aus 35
Antwortstatistiken
Länder % Korrekt
Kanada
98%
USA
97%
Argentinien
94%
Mexiko
94%
Brasilien
93%
Chile
91%
Kolumbien
86%
Costa Rica
85%
Paraguay
85%
Panama
84%
Peru
84%
Uruguay
84%
Venezuela
83%
Bolivien
82%
Ecuador
82%
Kuba
82%
Dominikanische Republik
81%
Honduras
79%
Bahamas
78%
Haiti
78%
Jamaika
78%
El Salvador
75%
Guyana
75%
Guatemala
73%
Nicaragua
73%
Surinam
73%
St. Lucia
67%
Belize
65%
Dominica
65%
Barbados
64%
Antigua und Barbuda
63%
St. Vincent und die Grenadinen
61%
St. Kitts und Nevis
59%
Trinidad und Tobago
57%
Grenada
54%
Keine übereinstimmenden Quizze gefunden
Verteilung der Resultate
Anzahl Personen mit jedem Resultat
Perzentil nach korrekt beantworteten Fragen
Ihre Resultats-Entwicklung
Sie haben dieses Quiz noch nicht gespielt